Statistics for Cambridge International A Level Subjects

Click here to take the quiz!

General Stats

  • This quiz has been taken 10 times
  • The average score is 16 of 35

Answer Stats

Subjects% Correct
Chemistry
89%
English General Paper
89%
English Language
89%
French Language
89%
Language and Literature in English
89%
Mathematics
89%
Biology
78%
Computer Science
78%
Economics
78%
First Language Spanish
78%
History
78%
Physics
78%
Geography
67%
Information Technology
67%
Business
56%
Chinese Language
56%
Drama
56%
Psychology
56%
Sociology
56%
Music
44%
Physical Education
44%
Accounting
33%
Further Mathematics
22%
Portuguese Language
22%
Law
11%
Literature in English
11%
Media Sciences
11%
Environmental Management
0%
Global Perspectives and Research
0%
Marine Science
0%
Spanish Language
0%
Spanish Literature
0%
Thinking Skills
0%
Travel and Tourism
0%
Urdu Language
0%

Score Distribution

Percentile by Number Answered

Percent of People with Each Score

Your Score History

You have not taken this quiz